[Event "Moquegua Ilo GP"]
[Site "Moquegua Ilo"]
[Date "2017.11.02"]
[Round "3"]
[White "Yepez, Fabian"]
[Black "Velasquez Ramos, Marcelo"]
[Result "1-0"]
[WhiteElo "2002"]
[BlackElo "1453"]
[PlyCount "45"]
[EventDate "2017.11.01"]
[EventType "swiss"]
[EventRounds "8"]
[EventCountry "PER"]
[SourceTitle "CBM 181 Extra"]
[Source "ChessBase"]
[SourceDate "2017.12.12"]
[SourceVersion "1"]
[SourceVersionDate "2017.12.12"]
[SourceQuality "1"]

1. e4 c6 2. d4 d5 3. Nc3 dxe4 4. Nxe4 Nd7 5. Bc4 Ngf6 6. Ng5 e6 7. Qe2 Nb6 8. Bb3 h6 9. N5f3 a5 10. a4 Bd6 11. Ne5 0-0 12. Ngf3 Qc7 13. g4 c5 14. g5 hxg5 15. Bxg5 Nfd7 16. c3 cxd4 17. cxd4 Bb4+ 18. Kf1 Qd6 19. Rg1 g6 20. Bh6 Nxe5 21. dxe5 Qe7 22. Bxf8 Qxf8 23. h4 1-0

[Event "Arequipa op 1st"]
[Site "Arequipa"]
[Date "2013.06.02"]
[Round "7"]
[White "Bigoria Escobedo, Raul"]
[Black "Yepez, Fabian"]
[Result "0-1"]
[WhiteElo "1819"]
[BlackElo "2057"]
[PlyCount "48"]
[EventDate "2013.05.25"]
[EventType "swiss"]
[EventRounds "9"]
[EventCountry "PER"]
[SourceTitle "EXT 2014"]
[Source "ChessBase"]
[SourceDate "2013.11.20"]
[SourceVersion "1"]
[SourceVersionDate "2013.11.20"]
[SourceQuality "1"]

1. d4 Nf6 2. c4 g6 3. Nc3 Bg7 4. e4 d6 5. f4 0-0 6. Nf3 c6 7. h3 Qc7 8. Be3 Nbd7 9. Qd2 e5 10. fxe5 dxe5 11. d5 Nh5 12. g4 Nf4 13. 0-0-0 f6 14. Bd3 g5 15. h4 h6 16. Ne2 Nb6 17. Bc5 cxd5 18. Bxf8 Bxf8 19. Nxf4 exf4 20. exd5 Bxg4 21. Qg2 Nxc4 22. Bxc4 Qxc4+ 23. Kb1 Qe4+ 24. Ka1 Bxf3 0-1

[Event "Lima GP IRT op"]
[Site "Lima"]
[Date "2013.??.??"]
[Round "6"]
[White "Garcia Contreras, Ana Claudia De"]
[Black "Yepez, Fabian"]
[Result "0-1"]
[WhiteElo "1864"]
[BlackElo "2052"]
[PlyCount "86"]
[EventDate "2013.08.21"]
[EventType "swiss"]
[EventRounds "9"]
[EventCountry "PER"]
[SourceTitle "CBM 156 Extra"]
[Source "ChessBase"]
[SourceDate "2013.10.22"]
[SourceVersion "1"]
[SourceVersionDate "2013.10.22"]
[SourceQuality "1"]

1. e4 e6 2. d3 c5 3. Nf3 Nc6 4. g3 d5 5. Nbd2 Nf6 6. Bg2 Be7 7. 0-0 0-0 8. Re1 b6 9. e5 Nd7 10. Nf1 Bb7 11. h4 Re8 12. Bf4 Nf8 13. h5 f5 14. g4 g5 15. hxg6 Nxg6 16. Bh6 fxg4 17. N3h2 Ncxe5 18. Nxg4 Bf6 19. Nxe5 Bxe5 20. Qg4 Qd6 21. c3 Bf4 22. Bg5 Bxg5 23. Qxg5 Qf4 24. Qh5 Re7 25. Ng3 Rf8 26. Re2 Qh4 27. Qxh4 Nxh4 28. d4 Nxg2 29. Kxg2 Rf4 30. Rd1 Bc8 31. Re5 Ref7 32. Rd2 Rg7 33. f3 Rf6 34. Kf2 Rgf7 35. Re3 Rh6 36. Nf1 Ba6 37. Ke1 Rh1 38. Rf2 Kf8 39. dxc5 Ke7 40. cxb6 axb6 41. b3 Rg7 42. f4 Rgg1 43. Ref3 Kf6 0-1

[Event "Lima Morales Memorial op 2nd"]
[Site "Lima"]
[Date "2012.01.29"]
[Round "8"]
[White "Arotoma Pablo, Danilo Ivan"]
[Black "Yepez, Fabian"]
[Result "1/2-1/2"]
[WhiteElo "2158"]
[BlackElo "2055"]
[PlyCount "198"]
[EventDate "2012.01.21"]
[EventType "swiss"]
[EventRounds "9"]
[EventCountry "PER"]
[SourceTitle "EXT 2014"]
[Source "ChessBase"]
[SourceDate "2013.11.20"]
[SourceVersion "1"]
[SourceVersionDate "2013.11.20"]
[SourceQuality "1"]

1. d4 Nf6 2. Nf3 g6 3. Bg5 Bg7 4. Nbd2 c5 5. e3 Nc6 6. c3 cxd4 7. exd4 0-0 8. Be2 d6 9. 0-0 b6 10. Qa4 Bb7 11. Rad1 a6 12. Rfe1 b5 13. Qc2 Re8 14. a4 b4 15. c4 Rc8 16. b3 a5 17. Qb1 Qb6 18. Nf1 e5 19. d5 Nb8 20. Be3 Qd8 21. N3d2 Nbd7 22. Ng3 Nc5 23. f3 Nfd7 24. Nde4 Qe7 25. Nxc5 Nxc5 26. Ne4 Nd7 27. Bf2 f5 28. Ng3 Nc5 29. Bf1 Qg5 30. Be3 Qf6 31. Bf2 h5 32. Ne2 h4 33. h3 g5 34. Nc1 Bf8 35. Nd3 Nd7 36. Qb2 Bg7 37. Nc1 Rf8 38. Bd3 Rf7 39. Qd2 Bh6 40. Be3 Nc5 41. Bc2 Nd7 42. Nd3 f4 43. Bf2 Bf8 44. Re2 Rc7 45. Kh1 Kg7 46. Bg1 Bc8 47. Nf2 Nc5 48. Ne4 Nxe4 49. Bxe4 Rb7 50. Rc1 Bf5 51. Qd3 Bxe4 52. Rxe4 Rfc7 53. Bf2 Rc8 54. Rce1 Rbc7 55. Bb6 Rc5 56. Qd2 Qe7 57. Qb2 Kf6 58. Qd2 Bg7 59. R4e2 Qb7 60. Bxc5 Rxc5 61. Re4 Kg6 62. Kg1 Qf7 63. Kf2 Qf5 64. Ke2 Bf6 65. Qd3 Bd8 66. Kd1 Kf6 67. Kc2 Bb6 68. Kb1 Bd8 69. Ka2 Kg6 70. R1e2 Bf6 71. Qd1 Bg7 72. Qg1 Bf6 73. Qb1 Bg7 74. Kb2 Bf6 75. Kc2 Qc8 76. Kd2 Qf5 77. Ke1 Bg7 78. Kf1 Bf6 79. Ke1 Bg7 80. Kf1 Bf6 81. Kg1 Bg7 82. Qf1 Bf6 83. Kh2 Bg7 84. Qf2 Bf6 85. Rd2 Qc8 86. Rd1 Bg7 87. Rh1 Bf6 88. Kg1 Bg7 89. g3 hxg3 90. Qc2 Kh6 91. Re2 Bf6 92. Kg2 Qd7 93. Re4 Qf5 94. Qe2 Kh5 95. Qe1 Kg6 96. Qb1 Be7 97. Rhe1 Bf6 98. Rh1 Bd8 99. Rhe1 Bf6 1/2-1/2

[Event "Lima Morales Memorial op 2nd"]
[Site "Lima"]
[Date "2012.01.28"]
[Round "6"]
[White "Vera Siguenas, Deivy Anthoni"]
[Black "Yepez, Fabian"]
[Result "1-0"]
[WhiteElo "2338"]
[BlackElo "2055"]
[PlyCount "63"]
[EventDate "2012.01.21"]
[EventType "swiss"]
[EventRounds "9"]
[EventCountry "PER"]
[SourceTitle "EXT 2014"]
[Source "ChessBase"]
[SourceDate "2013.11.20"]
[SourceVersion "1"]
[SourceVersionDate "2013.11.20"]
[SourceQuality "1"]

1. e4 e6 2. d4 c5 3. Nf3 cxd4 4. Nxd4 Nf6 5. Nc3 d6 6. Bc4 a6 7. Bb3 Be7 8. Be3 Nc6 9. Qe2 Qc7 10. 0-0-0 0-0 11. g4 Na5 12. g5 Nxb3+ 13. axb3 Nd7 14. f4 b5 15. f5 b4 16. Na4 e5 17. f6 exd4 18. fxe7 Re8 19. Rxd4 Ne5 20. Rxb4 Bg4 21. Qd2 a5 22. Rb6 Bf3 23. Rf1 Bxe4 24. Nc3 a4 25. Nxa4 Rxa4 26. bxa4 Nc4 27. Qc3 Qc8 28. Rb4 d5 29. Bf4 Qf5 30. b3 Na5 31. Rb8 Rxb8 32. Bxb8 1-0